000 01730nam a22003494i 4500
003 PE-LiUPU
005 20260218090323.0
008 070101s2007 ag a b 001 0 spa d
020 _a9789875673434
035 _aPE-LiUPU000016
040 _aPE-LiUPU
_bspa
_cPE-LiUPU
_erda
082 0 4 _a224.5077
_bD737s
_223
100 1 _aDoukhan, Jacques B.,
_eautor.
_98060
245 1 0 _aSecretos de Daniel :
_bsabiduría y sueños de un príncipe hebreo en el exilio /
_cJacques B. Doukhan.
250 _aPrimera edición.
264 1 _aFlorida, Buenos Aires :
_bAsociación Casa Editora Sudamericana,
_c2007.
300 _a192 páginas ;
_c23 cm
336 _atext
_2rdacontent
337 _aunmediated
_2rdamedia
338 _avolume
_2rdacarrier
500 _aTítulo original en inglés: Secrets of Daniel: Wisdom and Dreams of a Jewish Prince in Exile.
500 _aPublicado originalmente por Review and Herald Publishing Association.
500 _aTraducción de Claudia Blath.
504 _aIncluye referencias bibliográficas e índice.
505 0 _aLa victoria de Babilonia -- El gigante y la montaña -- Pasos dentro del horno en llamas -- El árbol en medio de la tierra -- La mano que se mueve -- Leones hechizados -- Cuatro bestias y un hijo de hombre -- La guerra del Kippur -- Réquiem por un mesías -- El sacerdote con ojos de fuego -- Guerras mundiales -- La victoria de Jerusalén.
630 0 _aBiblia.
_pDaniel
_xCrítica, interpretación etc.
_91192
650 2 4 _aProfecías bíblicas
_97857
700 1 _aBlath, Claudia,
_etraductora.
710 2 _aAsociación Casa Editora Sudamericana,
_eeditor.
942 _2ddc
_cBK
980 _618228
_aRebeca Esther Huerta Leyton
_818226
_gJaime Vilcazán Jefe de Análisis Documental
999 _c63287
_d63286